[Event "Titled Tuesday 2020.07.21"]
[Site "chess.com INT"]
[Date "2020.07.21"]
[Round "10"]
[White "Golubka, Petro"]
[Black "Manukian, Artak"]
[Result "1-0"]
[WhiteElo "2495"]
[BlackElo "2196"]
[WhiteFideId "-1"]
[BlackFideId "-1"]
[PlyCount "121"]
[GameId "2130307594783993"]
[EventDate "2020.07.21"]
[EventType "swiss"]
[EventRounds "10"]
[EventCountry "NET"]
[SourceTitle "10 Days #622"]
[Source "ChessMix"]
[SourceDate "2020.08.01"]
[SourceVersion "1"]
[SourceVersionDate "2020.08.01"]
[SourceQuality "1"]

1. g4 d5 2. h3 e5 3. c4 d4 4. Bg2 c5 5. d3 Nc6 6. Nd2 f5 7. gxf5 Bxf5 8. Ne4 Nf6 9. Ng3 Bd7 10. Bg5 Be7 11. Qb3 Qa5+ 12. Bd2 Qc7 13. O-O-O O-O-O 14. Kb1 Rdf8 15. Nf3 h6 16. Nh4 Be8 17. Nhf5 g6 18. Nxh6 Bd7 19. Bf3 Na5 20. Bxa5 Qxa5 21. Qxb7+ Kd8 22. Qb8+ Bc8 23. Ng4 Nxg4 24. Bxg4 Qc7 25. Qxc8+ Qxc8 26. Bxc8 Kxc8 27. Ne4 g5 28. f3 Kd7 29. Kc2 Ke6 30. Rdg1 Kf5 31. Rg3 Rh4 32. Rhg1 Rg8 33. a3 a5 34. b3 Rh5 35. Nf2 Rgh8 36. Rg4 Rb8 37. Re4 Rb6 38. Rg2 Bf6 39. Rh2 Rh8 40. Ng4 Rhb8 41. Kd2 Rxb3 42. Ke1 Rxa3 43. h4 gxh4 44. Nxf6 Kxf6 45. Rexh4 Rg8 46. Rh7 Ra1+ 47. Kf2 a4 48. R2h6+ Kg5 49. Ra6 Rb8 50. Rg7+ Kf5 51. Rf7+ Kg5 52. Rc7 Rbb1 53. f4+ exf4 54. Rxc5+ Kg4 55. Rg6+ Kh4 56. Kf3 Rf1+ 57. Ke4 Rae1 58. Kxd4 Rxe2 59. Rc8 Kh5 60. Rg7 Kh6 61. Ra7 1-0

[Event "Leon Blitz op"]
[Site "chess.com INT"]
[Date "2020.07.14"]
[Round "1"]
[White "Melian, Juan Sebastian"]
[Black "Golubka, Petro"]
[Result "0-1"]
[WhiteElo "1950"]
[BlackElo "2495"]
[WhiteFideId "-1"]
[BlackFideId "-1"]
[PlyCount "60"]
[GameId "2130307594880107"]
[EventDate "2020.07.14"]
[EventType "swiss (blitz)"]
[EventRounds "10"]
[EventCountry "NET"]
[SourceTitle "10 Days #621"]
[Source "ChessMix"]
[SourceDate "2020.07.20"]
[SourceVersion "1"]
[SourceVersionDate "2020.07.20"]
[SourceQuality "1"]

1. d4 Nf6 2. Nf3 c5 3. c3 b6 4. Bg5 Bb7 5. e3 Ne4 6. Bf4 e6 7. Nbd2 Nxd2 8. Qxd2 Be7 9. Bd3 O-O 10. Qe2 d5 11. O-O Nd7 12. Ne5 Nxe5 13. Bxe5 a6 14. a4 g6 15. h3 Bd6 16. f4 Be7 17. Qg4 Rc8 18. f5 exf5 19. Bxf5 Rc6 20. Bd3 Re6 21. Bf5 h5 22. Qg3 Bh4 23. Qf3 gxf5 24. Qxh5 Bf6 25. Rxf5 Bxe5 26. dxe5 Rg6 27. Raf1 d4 28. Rxf7 Rxg2+ 29. Kh1 Rg5+ 30. Kh2 Rxh5 0-1

[Event "Leon Blitz op"]
[Site "chess.com INT"]
[Date "2020.07.14"]
[Round "2"]
[White "Sjugirov, Sanan"]
[Black "Golubka, Petro"]
[Result "1-0"]
[WhiteElo "2675"]
[BlackElo "2495"]
[WhiteFideId "-1"]
[BlackFideId "-1"]
[PlyCount "87"]
[GameId "2130307594888471"]
[EventDate "2020.07.14"]
[EventType "swiss (blitz)"]
[EventRounds "10"]
[EventCountry "NET"]
[SourceTitle "10 Days #621"]
[Source "ChessMix"]
[SourceDate "2020.07.20"]
[SourceVersion "1"]
[SourceVersionDate "2020.07.20"]
[SourceQuality "1"]

1. d4 Nf6 2. c4 c5 3. d5 e6 4. Nc3 exd5 5. cxd5 Bd6 6. Nf3 Bc7 7. d6 Ba5 8. g3 O-O 9. Bg2 Ne4 10. Qd3 Bxc3+ 11. bxc3 Qf6 12. O-O Re8 13. Bf4 Qe6 14. Ng5 Nxg5 15. Bxg5 Nc6 16. Rad1 Ne5 17. Qd2 Rb8 18. Bd5 Qh3 19. Qf4 b6 20. Be7 Qh5 21. f3 Bb7 22. g4 Qg6 23. Qxe5 Bxd5 24. Qxd5 h6 25. e4 Rec8 26. Qf5 b5 27. Qxd7 b4 28. cxb4 cxb4 29. Qf5 Qxf5 30. gxf5 a5 31. d7 Rd8 32. Bxd8 Rxd8 33. Rf2 Kf8 34. e5 Ke7 35. Rfd2 a4 36. Rd3 g6 37. fxg6 fxg6 38. Rd4 b3 39. axb3 axb3 40. Rb4 Rxd7 41. Rxd7+ Kxd7 42. Rxb3 Ke6 43. Rb6+ Kxe5 44. Rxg6 1-0

[Event "Leon Blitz op"]
[Site "chess.com INT"]
[Date "2020.07.14"]
[Round "3"]
[White "Golubka, Petro"]
[Black "Olsen, Filip Boe"]
[Result "0-1"]
[WhiteElo "2495"]
[BlackElo "2353"]
[WhiteFideId "-1"]
[BlackFideId "-1"]
[PlyCount "48"]
[GameId "2130307594892618"]
[EventDate "2020.07.14"]
[EventType "swiss (blitz)"]
[EventRounds "10"]
[EventCountry "NET"]
[SourceTitle "10 Days #621"]
[Source "ChessMix"]
[SourceDate "2020.07.20"]
[SourceVersion "1"]
[SourceVersionDate "2020.07.20"]
[SourceQuality "1"]

1. e4 c6 2. d4 d5 3. e5 Bf5 4. Nc3 e6 5. g4 Bg6 6. Nge2 c5 7. h4 h5 8. Nf4 Bh7 9. Nxh5 cxd4 10. Qxd4 Nc6 11. Bb5 Nge7 12. Bg5 a6 13. Bxc6+ Nxc6 14. Qd2 Qb6 15. O-O-O Rc8 16. Bf6 Nb4 17. Bxg7 Rxc3 18. Nf6+ Kd8 19. Nxh7 Rxh7 20. Qg5+ Be7 21. Bf6 Rxc2+ 22. Kb1 Qxf2 23. Qg8+ Kd7 24. Ka1 Rxb2 0-1

[Event "Leon Blitz op"]
[Site "chess.com INT"]
[Date "2020.07.14"]
[Round "4"]
[White "Mehdi, Hasan Parag"]
[Black "Golubka, Petro"]
[Result "1-0"]
[WhiteElo "2180"]
[BlackElo "2495"]
[WhiteFideId "-1"]
[BlackFideId "-1"]
[PlyCount "105"]
[GameId "2130307594896859"]
[EventDate "2020.07.14"]
[EventType "swiss (blitz)"]
[EventRounds "10"]
[EventCountry "NET"]
[SourceTitle "10 Days #621"]
[Source "ChessMix"]
[SourceDate "2020.07.20"]
[SourceVersion "1"]
[SourceVersionDate "2020.07.20"]
[SourceQuality "1"]

1. e4 f5 2. exf5 Nf6 3. g3 d5 4. Bg2 Bxf5 5. d4 e6 6. Nf3 c5 7. O-O Nc6 8. c3 Be7 9. Nh4 Bg4 10. f3 Bh5 11. Re1 Bf7 12. Be3 Qb6 13. Qd2 O-O 14. f4 Ng4 15. Nf3 Rac8 16. Ne5 Nxe3 17. Rxe3 cxd4 18. cxd4 Qxd4 19. Nxc6 Qxd2 20. Nxe7+ Kh8 21. Nxd2 Rc7 22. Nxd5 exd5 23. Nb3 Rd8 24. Re2 Kg8 25. Rd1 Kf8 26. Nd4 Rd6 27. Bh3 g6 28. Rde1 a6 29. Be6 h5 30. Bxf7 Kxf7 31. Re6 Rcd7 32. Rxd6 Rxd6 33. Rc1 Ke7 34. Rc7+ Rd7 35. Rxd7+ Kxd7 36. Kf2 Kd6 37. Ke3 Ke7 38. Nf3 Kf6 39. Kd4 Kf5 40. h3 Kf6 41. Kxd5 Kf5 42. b4 Kf6 43. a4 Kf5 44. b5 Kf6 45. bxa6 bxa6 46. a5 Kf5 47. Kd4 Kf6 48. Ke4 Ke6 49. g4 hxg4 50. hxg4 Kf6 51. g5+ Ke6 52. Ne5 Ke7 53. Nc6+ 1-0

[Event "Titled Tuesday 2020.07.14"]
[Site "Chess.com INT"]
[Date "2020.07.14"]
[Round "1"]
[White "Brilej, Jaka"]
[Black "Golubka, Petro"]
[Result "0-1"]
[WhiteElo "2228"]
[BlackElo "2495"]
[WhiteFideId "-1"]
[BlackFideId "-1"]
[PlyCount "74"]
[GameId "1540073067945984"]
[EventDate "2020.07.14"]
[EventType "swiss (blitz)"]
[EventRounds "10"]
[EventCountry "NET"]
[SourceTitle "CBM 197 Extra"]
[Source "ChessBase"]
[SourceDate "2020.09.30"]
[SourceVersion "1"]
[SourceVersionDate "2020.09.30"]
[SourceQuality "1"]

1. e4 c5 2. Nf3 d6 3. d4 cxd4 4. Nxd4 Nf6 5. Nc3 a6 6. f3 e6 7. Be3 b5 8. Qd2 Bb7 9. g4 h6 10. O-O-O Nbd7 11. h4 b4 12. Nce2 d5 13. exd5 Nxd5 14. Bg1 Be7 15. Bg2 Bxh4 16. Kb1 Be7 17. f4 Qc7 18. f5 e5 19. Nb3 Nc3+ 20. Nxc3 bxc3 21. Qe2 cxb2 22. Bxb7 Qxb7 23. Be3 Nb6 24. g5 Nd5 25. Qd3 O-O-O 26. Qc4+ Kb8 27. Bc5 Bxg5 28. Na5 Qb5 29. Qxb5+ axb5 30. Nc6+ Kc7 31. Nxd8 Rxd8 32. Kxb2 Kc6 33. Bf2 e4 34. a4 bxa4 35. c4 Rb8+ 36. Ka3 Nc3 37. Rc1 Rb3# 0-1

[Event "Titled Tuesday 2020.07.14"]
[Site "Chess.com INT"]
[Date "2020.07.14"]
[Round "2"]
[White "Golubka, Petro"]
[Black "Arman, Deniz"]
[Result "0-1"]
[WhiteElo "2495"]
[BlackElo "2336"]
[WhiteFideId "-1"]
[BlackFideId "-1"]
[PlyCount "62"]
[GameId "1540073068945408"]
[EventDate "2020.07.14"]
[EventType "swiss (blitz)"]
[EventRounds "10"]
[EventCountry "NET"]
[SourceTitle "CBM 197 Extra"]
[Source "ChessBase"]
[SourceDate "2020.09.30"]
[SourceVersion "1"]
[SourceVersionDate "2020.09.30"]
[SourceQuality "1"]

1. e4 d5 2. exd5 Qxd5 3. Nc3 Qd6 4. Nb5 Qd8 5. d4 Nf6 6. Nf3 Bg4 7. Bc4 e6 8. Bf4 Na6 9. Be3 Nb4 10. Bb3 c6 11. Nc3 Nbd5 12. O-O Nxe3 13. fxe3 Bb4 14. Ne2 a5 15. c3 Bd6 16. Bc2 Qb6 17. Rb1 Bf5 18. h3 O-O 19. a3 Rad8 20. a4 Rfe8 21. Nh4 Be4 22. Bxe4 Nxe4 23. Qc2 f5 24. Nf3 g6 25. Rfd1 Bb8 26. Kf1 e5 27. b4 exd4 28. cxd4 axb4 29. Qc4+ Kg7 30. Rxb4 Qc7 31. Rdb1 b5 0-1

[Event "Titled Tuesday 2020.07.14"]
[Site "Chess.com INT"]
[Date "2020.07.14"]
[Round "3"]
[White "Hamley, Ryan"]
[Black "Golubka, Petro"]
[Result "0-1"]
[WhiteElo "2089"]
[BlackElo "2495"]
[WhiteFideId "-1"]
[BlackFideId "-1"]
[PlyCount "40"]
[GameId "1540073069572096"]
[EventDate "2020.07.14"]
[EventType "swiss (blitz)"]
[EventRounds "10"]
[EventCountry "NET"]
[SourceTitle "CBM 197 Extra"]
[Source "ChessBase"]
[SourceDate "2020.09.30"]
[SourceVersion "1"]
[SourceVersionDate "2020.09.30"]
[SourceQuality "1"]

1. d4 Nf6 2. c4 c5 3. d5 e6 4. Nc3 exd5 5. cxd5 Bd6 6. Nf3 O-O 7. Qc2 Na6 8. a3 c4 9. e4 Nc5 10. Bxc4 Ncxe4 11. O-O Nxc3 12. bxc3 Qc7 13. Bd3 h6 14. c4 b5 15. Bb2 bxc4 16. Qxc4 Qxc4 17. Bxc4 Ne4 18. Rfe1 f5 19. Nd4 Rb8 20. Rab1 Nd2 0-1

[Event "Titled Tuesday 2020.07.14"]
[Site "Chess.com INT"]
[Date "2020.07.14"]
[Round "4"]
[White "Golubka, Petro"]
[Black "Janaszak, Dawid"]
[Result "0-1"]
[WhiteElo "2495"]
[BlackElo "2356"]
[WhiteFideId "-1"]
[BlackFideId "-1"]
[PlyCount "68"]
[GameId "1540073071185920"]
[EventDate "2020.07.14"]
[EventType "swiss (blitz)"]
[EventRounds "10"]
[EventCountry "NET"]
[SourceTitle "CBM 197 Extra"]
[Source "ChessBase"]
[SourceDate "2020.09.30"]
[SourceVersion "1"]
[SourceVersionDate "2020.09.30"]
[SourceQuality "1"]

1. e4 g6 2. d4 Bg7 3. Be3 a6 4. c4 b6 5. Nc3 Bb7 6. h4 h6 7. Qd2 d6 8. O-O-O Nd7 9. g4 c5 10. d5 Ngf6 11. f3 Ne5 12. Rh3 h5 13. gxh5 Nxh5 14. Kb1 Bc8 15. Rh2 Bd7 16. f4 Ng4 17. Rg2 Nhf6 18. Nf3 b5 19. e5 Nxe3 20. exf6 Bf5+ 21. Kc1 Bxf6 22. Qxe3 Qa5 23. cxb5 axb5 24. Bxb5+ Kf8 25. a4 Qb4 26. Rh1 Rh5 27. Ng5 Bd4 28. Qf3 Bf6 29. Nge4 Bg7 30. Ng3 Bh6 31. Nxh5 gxh5 32. Rg5 Bxg5 33. hxg5 Bg6 34. Qe3 Kg7 0-1

[Event "Titled Tuesday 2020.07.14"]
[Site "Chess.com INT"]
[Date "2020.07.14"]
[Round "5"]
[White "Hejazipour, Mitra"]
[Black "Golubka, Petro"]
[Result "0-1"]
[WhiteElo "2300"]
[BlackElo "2495"]
[WhiteFideId "-1"]
[BlackFideId "-1"]
[PlyCount "58"]
[GameId "1540073071763456"]
[EventDate "2020.07.14"]
[EventType "swiss (blitz)"]
[EventRounds "10"]
[EventCountry "NET"]
[SourceTitle "CBM 197 Extra"]
[Source "ChessBase"]
[SourceDate "2020.09.30"]
[SourceVersion "1"]
[SourceVersionDate "2020.09.30"]
[SourceQuality "1"]

1. Nf3 Nf6 2. b3 b6 3. Bb2 Bb7 4. e3 e6 5. c4 Be7 6. Be2 O-O 7. O-O d5 8. d4 Na6 9. Nbd2 c5 10. Ne5 Rc8 11. cxd5 exd5 12. Rc1 Rc7 13. Bd3 Qa8 14. a3 Rfc8 15. Qe2 Nb8 16. Bf5 Rd8 17. Ndf3 g6 18. Bd3 Nbd7 19. Ng5 Rf8 20. Nxd7 Nxd7 21. Nf3 Rfc8 22. Qd2 c4 23. bxc4 dxc4 24. Be2 Nf6 25. d5 c3 26. Rxc3 Rxc3 27. Bxc3 Ne4 28. Qd4 Nxc3 29. Bd3 Bxd5 0-1

[Event "Titled Tuesday 2020.07.14"]
[Site "Chess.com INT"]
[Date "2020.07.14"]
[Round "7"]
[White "Perez Rodriguez, Luis Manuel"]
[Black "Golubka, Petro"]
[Result "1-0"]
[WhiteElo "2324"]
[BlackElo "2495"]
[WhiteFideId "-1"]
[BlackFideId "-1"]
[PlyCount "49"]
[GameId "1540073073778688"]
[EventDate "2020.07.14"]
[EventType "swiss (blitz)"]
[EventRounds "10"]
[EventCountry "NET"]
[SourceTitle "CBM 197 Extra"]
[Source "ChessBase"]
[SourceDate "2020.09.30"]
[SourceVersion "1"]
[SourceVersionDate "2020.09.30"]
[SourceQuality "1"]

1. e4 c5 2. Nf3 d6 3. d4 cxd4 4. Nxd4 Nf6 5. Nc3 a6 6. Bg5 e6 7. f4 Qb6 8. Qd2 Qxb2 9. Rb1 Qa3 10. f5 Nc6 11. fxe6 fxe6 12. Nxc6 bxc6 13. e5 dxe5 14. Bxf6 gxf6 15. Ne4 Be7 16. Be2 h5 17. Rb3 Qa4 18. Nxf6+ Bxf6 19. c4 Ra7 20. O-O O-O 21. Rxf6 Rxf6 22. Qg5+ Rg7 23. Qxf6 Qxa2 24. Qd8+ Kh7 25. Bd3+ 1-0

[Event "Titled Tuesday 2020.07.14"]
[Site "Chess.com INT"]
[Date "2020.07.14"]
[Round "8"]
[White "Golubka, Petro"]
[Black "Lee, Qing Aun"]
[Result "1/2-1/2"]
[WhiteElo "2495"]
[BlackElo "2262"]
[WhiteFideId "-1"]
[BlackFideId "-1"]
[PlyCount "107"]
[GameId "1540073075159040"]
[EventDate "2020.07.14"]
[EventType "swiss (blitz)"]
[EventRounds "10"]
[EventCountry "NET"]
[SourceTitle "CBM 197 Extra"]
[Source "ChessBase"]
[SourceDate "2020.09.30"]
[SourceVersion "1"]
[SourceVersionDate "2020.09.30"]
[SourceQuality "1"]

1. e4 e6 2. d4 d5 3. Nc3 Bb4 4. e5 c5 5. a3 Ba5 6. Qg4 Ne7 7. Bd2 cxd4 8. Nb5 Bxd2+ 9. Kxd2 O-O 10. Nf3 Nbc6 11. Bd3 f5 12. Qh4 a6 13. Nbxd4 Nxd4 14. Qxd4 Nc6 15. Qf4 Qb6 16. Qe3 d4 17. Qf4 Qxb2 18. h4 Qc3+ 19. Ke2 b5 20. h5 Bb7 21. Rag1 Ne7 22. Qg5 Rf7 23. h6 g6 24. Qh4 Bxf3+ 25. Kxf3 Nc6 26. Re1 b4 27. axb4 Nxb4 28. g3 Nxd3 29. cxd3 Qc6+ 30. Kf4 Qc2 31. Kf3 Qxd3+ 32. Kg2 a5 33. Kh2 Qf3 34. Rhf1 d3 35. Re3 Qd5 36. Rd1 d2 37. Re2 Rd8 38. Rexd2 Qxd2 39. Rxd2 Rxd2 40. Qc4 Re7 41. Qc8+ Kf7 42. Qh8 Rxf2+ 43. Kg1 Rd2 44. Qxh7+ Ke8 45. Qxg6+ Kd7 46. h7 Rd1+ 47. Kg2 Rd2+ 48. Kf3 Rd3+ 49. Kf2 Rd2+ 50. Kg1 Rd1+ 51. Kh2 Rd2+ 52. Kh3 Rd1 53. Kh2 Rd2+ 54. Kg1 1/2-1/2

[Event "Titled Tuesday 2020.07.07"]
[Site "chess.com INT"]
[Date "2020.07.07"]
[Round "1"]
[White "Golubka, Petro"]
[Black "Rottenwohrer Suarez, Juan"]
[Result "1-0"]
[WhiteElo "2495"]
[BlackElo "2197"]
[WhiteFideId "-1"]
[BlackFideId "-1"]
[PlyCount "97"]
[GameId "2130307595055864"]
[EventDate "2020.07.07"]
[EventType "swiss"]
[EventRounds "10"]
[EventCountry "NET"]
[SourceTitle "10 Days #621"]
[Source "ChessMix"]
[SourceDate "2020.07.20"]
[SourceVersion "1"]
[SourceVersionDate "2020.07.20"]
[SourceQuality "1"]

1. e4 c5 2. Nf3 e6 3. c4 Nc6 4. Nc3 Nf6 5. Be2 Be7 6. d4 cxd4 7. Nxd4 O-O 8. O-O d6 9. Be3 Qc7 10. Rc1 a6 11. f3 Re8 12. Qd2 Ne5 13. Kh1 Bd7 14. b3 Rac8 15. Rfd1 Qa5 16. Nd5 Qxd2 17. Nxe7+ Rxe7 18. Bxd2 d5 19. Bf4 Ng6 20. Bd6 Ree8 21. exd5 exd5 22. c5 Ne5 23. Bxe5 Rxe5 24. Kg1 h5 25. Kf2 g6 26. h4 Kg7 27. Bd3 Bc6 28. Re1 Rxe1 29. Rxe1 Nd7 30. b4 Kf6 31. f4 a5 32. a3 axb4 33. axb4 Ra8 34. Ke3 Ra3 35. Rb1 Ba4 36. Kd2 Nb8 37. b5 Ra2+ 38. Kc3 Rxg2 39. Ra1 Bxb5 40. Bxb5 Rg3+ 41. Kd2 Rg4 42. Ra7 Rxf4 43. Ke3 Re4+ 44. Kd3 Nc6 45. Bxc6 bxc6 46. Rc7 Rxh4 47. Rxc6+ Ke5 48. Nf3+ Kf4 49. Nxh4 1-0

[Event "Titled Tuesday 2020.07.07"]
[Site "chess.com INT"]
[Date "2020.07.07"]
[Round "2"]
[White "Randazzo, Adrian"]
[Black "Golubka, Petro"]
[Result "0-1"]
[WhiteElo "2293"]
[BlackElo "2495"]
[WhiteFideId "-1"]
[BlackFideId "-1"]
[PlyCount "78"]
[GameId "2130307595076758"]
[EventDate "2020.07.07"]
[EventType "swiss"]
[EventRounds "10"]
[EventCountry "NET"]
[SourceTitle "10 Days #621"]
[Source "ChessMix"]
[SourceDate "2020.07.20"]
[SourceVersion "1"]
[SourceVersionDate "2020.07.20"]
[SourceQuality "1"]

1. e4 c5 2. Nf3 d6 3. Bb5+ Nd7 4. a4 a6 5. Bc4 e6 6. O-O Ngf6 7. Nc3 Be7 8. a5 O-O 9. d3 Nb8 10. d4 cxd4 11. Nxd4 Nc6 12. Nxc6 bxc6 13. Re1 d5 14. exd5 cxd5 15. Bd3 Bb4 16. Bg5 h6 17. Bh4 Rb8 18. Qf3 Be7 19. b3 Rb4 20. Bg3 Bb7 21. Qe2 Qa8 22. Na2 Rg4 23. h3 Rxg3 24. fxg3 Bd6 25. g4 e5 26. Qf2 e4 27. Bf1 Bb8 28. Kh1 Ba7 29. Qf5 Bc8 30. Qe5 Bxg4 31. Nb4 Be6 32. Nxa6 Rc8 33. c3 Nd7 34. Qg3 Qc6 35. b4 Nb8 36. b5 Qb7 37. Nxb8 Bxb8 38. Qe3 Qc7 39. b6 Qh2# 0-1

[Event "Titled Tuesday 2020.07.07"]
[Site "chess.com INT"]
[Date "2020.07.07"]
[Round "3"]
[White "Golubka, Petro"]
[Black "Le, Tuan Minh"]
[Result "0-1"]
[WhiteElo "2495"]
[BlackElo "2501"]
[WhiteFideId "-1"]
[BlackFideId "-1"]
[PlyCount "128"]
[GameId "2130307595085100"]
[EventDate "2020.07.07"]
[EventType "swiss"]
[EventRounds "10"]
[EventCountry "NET"]
[SourceTitle "10 Days #621"]
[Source "ChessMix"]
[SourceDate "2020.07.20"]
[SourceVersion "1"]
[SourceVersionDate "2020.07.20"]
[SourceQuality "1"]

1. e4 c5 2. Nf3 Nf6 3. e5 Nd5 4. Nc3 e6 5. Nxd5 exd5 6. d4 Nc6 7. dxc5 Bxc5 8. Qxd5 d6 9. c3 Qb6 10. Qd2 dxe5 11. Bd3 O-O 12. O-O Bg4 13. Ng5 h6 14. Ne4 Be7 15. Qe3 Rfd8 16. Qxb6 axb6 17. Bc2 b5 18. f3 Be6 19. b3 b4 20. c4 Nd4 21. Bd1 f5 22. Ng3 Bc5 23. Kh1 b5 24. cxb5 Nxb5 25. Bb2 Nc3 26. Re1 Bd4 27. Bc2 g6 28. a4 bxa3 29. Rxa3 Rxa3 30. Bxa3 Kg7 31. Ne2 Nxe2 32. Rxe2 Ra8 33. Bb4 Kf6 34. h3 g5 35. Kh2 h5 36. Be1 g4 37. Bh4+ Kf7 38. fxg4 hxg4 39. hxg4 f4 40. Bf5 Rh8 41. g3 f3 42. Rd2 Bxb3 43. Kh3 f2 44. Kg2 Bd5+ 45. Kf1 Bc4+ 46. Bd3 Bxd3+ 47. Rxd3 Ra8 48. Rxd4 exd4 49. Kxf2 Ke6 50. Bg5 Ke5 51. Kf3 Ra3+ 52. Kg2 Ke4 53. Bf4 Ra2+ 54. Kh3 d3 55. g5 Rf2 56. Kg4 Rxf4+ 57. gxf4 d2 58. g6 d1=Q+ 59. Kg5 Qd5+ 60. Kh6 Kf5 61. g7 Kf6 62. Kh7 Qh5+ 63. Kg8 Qf7+ 64. Kh8 Qxg7# 0-1

[Event "Titled Tuesday 2020.07.07"]
[Site "chess.com INT"]
[Date "2020.07.07"]
[Round "5"]
[White "Golubka, Petro"]
[Black "Malynovskyi, Rostyslav"]
[Result "1-0"]
[WhiteElo "2495"]
[BlackElo "2174"]
[WhiteFideId "-1"]
[BlackFideId "-1"]
[PlyCount "43"]
[GameId "2130307595106124"]
[EventDate "2020.07.07"]
[EventType "swiss"]
[EventRounds "10"]
[EventCountry "NET"]
[SourceTitle "10 Days #621"]
[Source "ChessMix"]
[SourceDate "2020.07.20"]
[SourceVersion "1"]
[SourceVersionDate "2020.07.20"]
[SourceQuality "1"]

1. e4 c5 2. Nf3 e6 3. c4 Nc6 4. Nc3 a6 5. Be2 Qc7 6. d4 cxd4 7. Nxd4 Nf6 8. O-O Bb4 9. Qd3 b6 10. Nxc6 dxc6 11. a3 Be7 12. f4 Bb7 13. e5 Rd8 14. Qg3 Nd7 15. Qxg7 Rf8 16. Qxh7 b5 17. Be3 Bc5 18. Bxc5 Nxc5 19. Rad1 Rxd1 20. Rxd1 Qe7 21. b4 Nd7 22. Ne4 1-0

[Event "Titled Tuesday 2020.07.07"]
[Site "chess.com INT"]
[Date "2020.07.07"]
[Round "6"]
[White "Barp, Alberto"]
[Black "Golubka, Petro"]
[Result "0-1"]
[WhiteElo "2375"]
[BlackElo "2495"]
[WhiteFideId "-1"]
[BlackFideId "-1"]
[PlyCount "114"]
[GameId "2130307595118612"]
[EventDate "2020.07.07"]
[EventType "swiss"]
[EventRounds "10"]
[EventCountry "NET"]
[SourceTitle "10 Days #621"]
[Source "ChessMix"]
[SourceDate "2020.07.20"]
[SourceVersion "1"]
[SourceVersionDate "2020.07.20"]
[SourceQuality "1"]

1. d4 Nf6 2. c4 c5 3. d5 e6 4. Nc3 exd5 5. cxd5 Bd6 6. e4 O-O 7. Nf3 Re8 8. Bd3 c4 9. Bc2 Bb4 10. Nd2 Bxc3 11. bxc3 Nxd5 12. Nxc4 Nxc3 13. Qd4 Nxe4 14. O-O Nc6 15. Qd1 d5 16. Ne3 Be6 17. Bb2 Rc8 18. Rc1 h6 19. Bb1 a6 20. h3 Rc7 21. Qe2 Rd7 22. Rfd1 Ng5 23. Qc2 d4 24. Nf5 Rd5 25. Ng3 g6 26. h4 Nh7 27. h5 Nf8 28. hxg6 fxg6 29. Qd2 Qg5 30. Ne4 Qxd2 31. Rxd2 Kf7 32. Ba3 Red8 33. Nc5 Bc8 34. Be4 Ne6 35. Bxd5 Rxd5 36. Nd3 g5 37. g3 Bd7 38. Rb2 b5 39. Rbc2 Ned8 40. Re2 Bf5 41. Rd2 a5 42. Bb2 b4 43. Nc5 Ke7 44. Nb3 d3 45. Re1+ Kd7 46. Re3 Ne6 47. Nc1 Nc5 48. f3 Na4 49. g4 Bg6 50. Ba1 Nc5 51. Kf2 a4 52. Kg3 Na5 53. Re5 Rxe5 54. Bxe5 Nc4 55. Bd4 Nxd2 56. Bxc5 Nf1+ 57. Kf2 d2 0-1

[Event "Titled Tuesday 2020.07.07"]
[Site "chess.com INT"]
[Date "2020.07.07"]
[Round "8"]
[White "Golubka, Petro"]
[Black "Grachev, Boris V"]
[Result "0-1"]
[WhiteElo "2495"]
[BlackElo "2612"]
[WhiteFideId "-1"]
[BlackFideId "-1"]
[PlyCount "56"]
[GameId "2130307595139615"]
[EventDate "2020.07.07"]
[EventType "swiss"]
[EventRounds "10"]
[EventCountry "NET"]
[SourceTitle "10 Days #621"]
[Source "ChessMix"]
[SourceDate "2020.07.20"]
[SourceVersion "1"]
[SourceVersionDate "2020.07.20"]
[SourceQuality "1"]

1. e4 c5 2. Nf3 e6 3. c4 Nc6 4. Nc3 Nge7 5. Be2 Nd4 6. O-O Nec6 7. d3 a6 8. Be3 g6 9. a3 Bg7 10. Kh1 O-O 11. Rb1 d6 12. Qd2 Nb3 13. Qd1 Ncd4 14. Nxd4 Nxd4 15. b4 b6 16. bxc5 bxc5 17. Qd2 Qa5 18. Bd1 Bd7 19. Ne2 Qxd2 20. Bxd2 Rfb8 21. Rxb8+ Rxb8 22. Nxd4 Bxd4 23. Bc2 Rb2 24. Rc1 Ra2 25. f3 Kg7 26. h4 Rxa3 27. Bd1 Ra2 28. Be1 a5 0-1

[Event "Titled Tuesday 2020.07.07"]
[Site "chess.com INT"]
[Date "2020.07.07"]
[Round "10"]
[White "Rodin, Mihail"]
[Black "Golubka, Petro"]
[Result "1/2-1/2"]
[WhiteElo "2320"]
[BlackElo "2495"]
[WhiteFideId "-1"]
[BlackFideId "-1"]
[PlyCount "136"]
[GameId "2130307595160600"]
[EventDate "2020.07.07"]
[EventType "swiss"]
[EventRounds "10"]
[EventCountry "NET"]
[SourceTitle "10 Days #621"]
[Source "ChessMix"]
[SourceDate "2020.07.20"]
[SourceVersion "1"]
[SourceVersionDate "2020.07.20"]
[SourceQuality "1"]

1. e4 c5 2. Nf3 d6 3. d4 cxd4 4. Nxd4 Nf6 5. Nc3 a6 6. Qf3 e6 7. g4 Be7 8. g5 Nfd7 9. h4 Nc6 10. Be3 Qc7 11. O-O-O b5 12. h5 b4 13. Nce2 Nce5 14. Qg2 Nc4 15. g6 Nxe3 16. gxf7+ Kxf7 17. fxe3 Nc5 18. Kb1 Bb7 19. Ng3 Bf6 20. Bd3 Rhf8 21. Rhf1 Kg8 22. Qh3 Rae8 23. Qg4 Kh8 24. h6 g6 25. Rf2 Bc8 26. Qe2 Be5 27. Rxf8+ Rxf8 28. Rf1 Qd8 29. Nc6 Rxf1+ 30. Qxf1 Qf6 31. Nxe5 Qxf1+ 32. Nxf1 dxe5 33. Nd2 g5 34. Kc1 Kg8 35. Nf3 g4 36. Nxe5 g3 37. Kd1 g2 38. Nf3 e5 39. Ke1 Bg4 40. Ng1 Kf7 41. Kf2 Kg6 42. Kxg2 Kxh6 43. Kg3 Kg5 44. Nh3+ Bxh3 45. Kxh3 h5 46. a3 b3 47. Kg3 h4+ 48. Kf3 a5 49. a4 Nxa4 50. cxb3 Nxb2 51. Bc2 Kh5 52. Kf2 Kg4 53. Kg2 h3+ 54. Kf2 Kh4 55. Kf3 h2 56. Kg2 Kg4 57. Kxh2 Kf3 58. Kh3 Kxe3 59. Kg4 Kd2 60. Bb1 Nd1 61. Kf5 Nc3 62. Kxe5 Nxb1 63. Kd4 Kc2 64. Kc4 Nd2+ 65. Kb5 Nxb3 66. e5 Kb2 67. e6 Nd4+ 68. Kxa5 Nxe6 1/2-1/2